Statistics for FIFA 23 Trophy Titans

Click here to take the quiz!

General Stats

  • This quiz has been taken 94 times
    (88 since last reset)
  • The average score is 31 of 43

Answer Stats

ratposclubPlayer% Correct
Trophy Titans Icon Team 197CAMFranceZinedine Zidane
97%
Trophy Titans Icon Team 297STBrazilRonaldo
92%
Trophy Titans Junior Icon Team 290CMSpainXavi
92%
Trophy Titans Icon Team 295CMSpainXavi
92%
Trophy Titans Icon Team 193GKSpainIker Casillas
88%
Trophy Titans Icon Team 192LBBrazilRoberto Carlos
88%
Trophy Titans Junior Icon Team 192RBGermanyPhilipp Lahm
86%
Trophy Titans Icon Team 193RBGermanyPhilipp Lahm
86%
Trophy Titans Icon Team 195CFItalyAlessandro Del Piero
82%
Trophy Titans Junior Icon Team 188CFItalyAlessandro Del Piero
82%
Trophy Titans Icon Team 194STSpainFernando Torres
82%
Trophy Titans Junior Icon Team 186STSpainFernando Torres
82%
Trophy Titans Icon Team 191CDMGhanaMichael Essien
81%
Trophy Titans Junior Icon Team 289STScotlandKenny Dalglish
78%
Trophy Titans Icon Team 294STScotlandKenny Dalglish
78%
Trophy Titans Junior Icon Team 1 OBJ93CFNetherlandsDennis Bergkamp
77%
Trophy Titans Icon Team 194CFNetherlandsDennis Bergkamp
77%
Trophy Titans Icon Team 1 SBC93CMIrelandRoy Keane
77%
Trophy Titans Icon Team 294CMEnglandFrank Lampard
76%
Trophy Titans Junior Icon Team 2 OBJ93CMEnglandFrank Lampard
76%
Trophy Titans Hero Team 190CDMPremier LeagueYaya Touré
74%
Trophy Titans Hero Team 191CBBundesligaLúcio
73%
Trophy Titans Icon Team 193STGermanyMiroslav Klose
73%
Trophy Titans Icon Team 192CBEnglandRio Ferdinand
73%
Trophy Titans Icon Team 294CMEnglandSteven Gerrard
73%
Flashback SBC90CBJuventusLeonardo Bonucci
72%
Trophy Titans Icon Team 295STNetherlandsMarco van Basten
72%
Trophy Titans Icon Team 295CBItalyFranco Baresi
70%
Trophy Titans Hero Team 189CFMLSLandon Donovan
70%
Trophy Titans Hero Team 289GKPremier LeagueJerzy Dudek
69%
Trophy Titans Icon Team 293CMFrancePatrick Vieira
69%
Trophy Titans Icon Team 293CBFranceLaurent Blanc
68%
Trophy Titans Icon Team 294STEnglandMichael Owen
66%
Trophy Titans Junior Icon Team 288STEnglandMichael Owen
66%
Trophy Titans Icon Team 2 SBC93CFSpainRaúl
66%
Trophy Titans Hero Team 2 SBC89CMSerie AClaudio Marchisio
59%
Trophy Titans Hero Team 290CAMPremier LeagueJoe Cole
58%
End of an Era SBC93CAMBaşakşehirMesut Özil
58%
Trophy Titans Hero Team 292STLaLigaDiego Forlán
55%
Trophy Titans Hero Team 189LMPremier LeagueFreddie Ljungberg
50%
Road to the Final SBC89CAMAC MilanBrahim Díaz
49%
Trophy Titans Hero Team 290STPremier LeagueOle Gunnar Solskjær
38%
Road to the Final SBC88STBenficaGonçalo Guedes
27%

Score Distribution

Percentile by Number Answered

Percent of People with Each Score

Your Score History

You have not taken this quiz since the last reset